00430nam a2200157Ia 45000010006000000050017000060080041000230410008000640820021000721000034000932450092001272600009002193000028002286500008002566540008002641617420260306170250.0260306t2009||||xx |||||||||||||| ||und|| aESP a347.02bG63 2009 aGómez Aguirre, AntonioeAUT 0aPrincipales problemas relacionados con los comprobantes de pago y guías de remisión c2009 a270 páginas :c24 cm. aGEN aCDE